| 000 | 00518nam a2200157 a 4500 | ||
|---|---|---|---|
| 001 | 000030411 | ||
| 005 | 20240307183814.0 | ||
| 008 | 110517s1980 dr 000 | spa d | ||
| 040 |
_aDO-SdBNP _bspa _cBNPHU |
||
| 082 |
_axxxx _bM433c |
||
| 100 | 1 |
_a Matos G., Ramiro _q(Matos González) _d1927- _937780 |
|
| 245 | 1 | 0 |
_aContribución de las Fuerzas Armadas en la fundación de la República / _cRamiro Matos González. |
| 260 |
_aSanto Domingo : _bEditora Cacique, _c1980. |
||
| 300 |
_a13 p. ; _c21 cm. |
||
| 049 | _aBNPD | ||
| 999 |
_c29903 _d29903 |
||